All Characters in Despicable Me 2 - Statistics

General Stats
  • This quiz has been taken 127 times
    125 since last reset
  • The average score is 10 of 18
Answer Stats
Answer % Correct
Felonious Gru
97%
Bob
87%
Lucy Wilde
86%
Kevin
84%
Margo
84%
Agnes
83%
Edith
82%
El Macho
81%
Stuart
81%
Dr. Nefario
78%
Silas Ramsbottom
48%
Antonio
33%
Kyle
22%
Marlena Gru
22%
Shannon
20%
Jillian
18%
Pollito
13%
Floyd Eaglesan
11%
No matching quizzes found
Score Distribution
Percent of People with Each Score
Percentile by Number Answered
Your Score History
You have not taken this quiz since the last reset